000 00518cam a22001577a 4500
008 180718b1992 xxu||||| |||| 00| 0 eng d
082 _aO B532
100 _aBirdsall, Nancy
245 _aHealth, government, and the poor: the case for the private sector
_cby Nancy Birdsall and Estelle James
260 _aWashington, D.C.
_bIBRD
_c1992
300 _a30p.
440 _aIBRD. Working Papers: WPS 938
650 _aPublic Health
700 _aJames, Estelle, jt. auth.
700 _aIBRD. Country Economics Department
999 _c226895
_d226895